Paul Signac: 1863-1935

Saved in:
Bibliographic Details
Main Author: Besson, George (Author)
Format: Book
Language:French
English
German
Published: París Editions Braun et Cie. 1950
Edition:1a. ed
Series:Collection des Maitres
Subjects:
Tags: Add Tag
No Tags, Be the first to tag this record!

MARC

LEADER 00000cam a2200000 a 4500
001 UCD0183
003 CL-VaPUC
008 151120e19500000fr |||||||||||||||||fre|d
041 0 7 |a fre  |2 CL-VaPUC 
041 0 7 |a eng  |2 CL-VaPUC 
041 0 7 |a ger  |2 CL-VaPUC 
082 0 4 |a 759.4  |b BES  |2 21 
100 0 |a Besson, George  |e author  |9 583206 
245 1 0 |a Paul Signac: 1863-1935 
250 |a 1a. ed 
300 |a 60 p 
942 |c BK 
945 |d 20151120 13:39:00  |a dcastane 
260 |a París  |b Editions Braun et Cie.  |c 1950 
600 0 7 |a SIGNAC, PAUL  |2 CL-VaPUC  |9 583207 
650 0 |a Pintores franceses   |9 340354 
650 7 |a NEOIMPRESIONISMO  |2 CL-VaPUC  |9 553790 
650 0 |a Biografías  |9 255210 
583 |a last modification  |c 20151120 13:39:00  |k Rodrigo Vera 
490 0 |a Collection des Maitres 
999 |c 361798  |d 361796 
952 |0 0  |1 0  |3 erb  |4 0  |6 759_400000000000000_BES_1950  |7 0  |8 A  |9 472476  |a BIBART  |b BIBART  |i 5250943  |l 1  |m 1  |o 759.4 BES 1950  |p 5250943  |r 2025-03-13  |s 2023-08-29  |w 2019-11-24  |y BK  |z Catalogado en:20151120  |k ART